| 000 | 01579cam a2200373 i 4500 | ||
|---|---|---|---|
| 001 | 25786 | ||
| 003 | Mx-PuUPA | ||
| 005 | 20250718140441.0 | ||
| 008 | 140415s2015 mx ad gr 000 0 spa d | ||
| 020 |
_a9786070270000 _qrústica |
||
| 020 |
_a9786070269875 _qcolección rústica |
||
| 040 |
_aMx-PuUPA _bspa _cMx-PuUPA _dMx-PuUPA _erda |
||
| 041 | 0 | _aspa | |
| 043 | _an-mx--- | ||
| 100 | 1 |
_aPöllmann, Andreas, _917318 _eautor |
|
| 245 | 1 | 0 |
_aCultura, lectura y deporte : _bpercepciones, prácticas, aprendizaje y capital intercultural / _cAndreas Pöllmann, Olivia Sánchez Graillet |
| 246 | 1 | 3 |
_aCultura, lectura y deporte. Percepciones, prácticas, aprendizaje y capital intercultural : _bEncuesta Nacional de Cultura, Lectura y Deporte |
| 250 |
_aPrimera edición / _bagosto |
||
| 264 | 1 |
_aMéxico, D.F. : _bUniversidad Nacional Autónoma de México, _c2015 |
|
| 300 |
_a204 páginas : _bilustraciones, gráficas ; _c23 cm |
||
| 336 |
_2rdacontent _atexto _btxt |
||
| 337 |
_2rdamedia _asin medio _bn |
||
| 338 |
_2rdacarrier _avolumen _bnc |
||
| 490 | 0 |
_aLos mexicanos vistos por sí mismos. Los grandes temas nacionales ; _v13 |
|
| 650 | 7 |
_2armarc _aUsos y costumbres |
|
| 651 | 4 |
_aMéxico _xCivilización |
|
| 651 | 4 |
_aMéxico _xVida intercultural _ySiglo XXI _xOcio _zMéxico |
|
| 651 | 4 |
_aMéxico _xVida social y costumbres |
|
| 700 | 1 |
_aSánchez Graillet, Olivia _eautor |
|
| 942 |
_2ddc _cLI _h790.1380972 _iP72 |
||
| 999 |
_c25786 _d25786 |
||